000 00366nam a2200145Ia 4500
008 230917s9999||||xx |||||||||||||| ||und||
040 _e104013
_aMAIN
041 _aEnglish
082 _a301.04 H212S
100 _aHaralambos, Michael
245 0 _aSociology themes and perspectives
260 _aNew Delhi
_bOxford
_c2002
300 _axiv, 594p p.
942 _cBK
999 _c110713
_d110713